| 000 | 00501nam a2200169 i 4500 | ||
|---|---|---|---|
| 001 | 59124 | ||
| 003 | ES-MaACL | ||
| 005 | 20230906163953.0 | ||
| 007 | t| | ||
| 008 | 031027s1963 sp ||||1| spa d | ||
| 245 | 0 | 0 | _aEnciclopedia de la Biblia. |
| 260 |
_aBarcelona : _bGarriga, _c1963. |
||
| 300 |
_a2 v. : _bil. ; _c27 cm. |
||
| 505 | 8 | _aContiene: 1. A-B (XXXII p., 1255 p.) -- 2. C-EM (XXVIII p., 1251 p.) | |
| 630 | 0 | 4 |
_aBiblia- _vEnciclopedias. _9165685 |
| 852 |
_aES-MaACL _jP-1049-bis _bR.54988 |
||
| 999 |
_c59124 _d59124 |
||